Ask Isadora : collected colums on sex and relationships from the San Francisco Bay Guardian /

Gespeichert in:
Bibliographische Detailangaben
1. Verfasser: Alman, Isadora (Verfasst von)
Format: Buch
Sprache:Englisch
Veröffentlicht: New York : Masquerade Books, 1991
Tags: Tag hinzufügen
Keine Tags, Fügen Sie das erste Tag hinzu!

MARC

LEADER 00000nam a22000007i 4500
001 IT\ICCU\UBO\3440640
003 ItRI
005 20260115231837.0
008 080619s1991 xxu|||||| ||||| |||||c
020 |a 1878320610 
040 |b ita  |c importazione bologna sebina 
041 7 |a eng  |2 ISO-639-2 
100 1 |a Alman, Isadora  |0 IT\ICCU\UBOV\243548  |4 aut 
245 1 0 |a Ask Isadora :  |b collected colums on sex and relationships from the San Francisco Bay Guardian /  |c By Isadora Alman. 
260 |a New York :  |b Masquerade Books,  |c 1991 
300 |a 256 p. ;  |c 18 cm. 
942 |2 ddc  |c BK  |n 0 
952 |0 0  |1 0  |4 0  |6 DOC_392_600000000000000_ALM  |7 0  |9 14040  |a BO  |b BO  |d 2026-01-15  |i 5068  |l 0  |o DOC 392.6 ALM  |p BO5068  |r 2026-01-15 23:18:37  |w 2026-01-15  |x [Sebina 5] [1 v.]  |y BK  |z 1 v. 
999 |c 12099  |d 12099